[Event "0MCR_3DE_1L_3S"]
[Site "?"]
[Date "2003.??.??"]
[Round "?"]
[White "Hlavacek, Ladislav"]
[Black "Toman, Antonin"]
[Result "0-1"]
[WhiteElo "2085"]
[BlackElo "2205"]
[PlyCount "94"]
[EventDate "2003.??.??"]
[EventType "corr"]
[EventRounds "2"]
[SourceDate "2004.06.03"]

1. e4 c5 2. Nc3 Nc6 3. Nf3 Nf6 4. d4 cxd4 5. Nxd4 e5 6. Ndb5 d6 7. Nd5 Nxd5 8.
exd5 Nb8 9. Bd3 Be7 10. O-O O-O 11. Be3 a6 12. Nc3 f5 13. f4 e4 14. Be2 Nd7 15.
a4 b6 16. Na2 Bb7 17. Nb4 Qc7 18. c3 Rfc8 19. Qc2 a5 20. Nc6 Bxc6 21. dxc6 Qxc6
22. Bb5 Qb7 23. Qd1 d5 24. Qh5 Rf8 25. Rad1 Bc5 26. Rfe1 Rad8 27. Qh4 Nf6 28.
Bd4 Qf7 29. Qf2 Ng4 30. Qg3 Rd6 31. h3 Nf6 32. Qf2 Nd7 33. Bxd7 Bxd4 34. Qxd4
Qxd7 35. Re2 Rd8 36. Re3 b5 37. axb5 Qxb5 38. Rg3 g6 39. Rd2 Qb6 40. Re3 Kf7
41. Kf2 Rb8 42. Ree2 Ke6 43. g4 Qxd4+ 44. Rxd4 Rdb6 45. Ra4 Rxb2 46. Rxa5 Kd6
47. Ra7 R2b3 0-1

[Event "0MCR_3DE_1L_3S"]
[Site "?"]
[Date "2003.??.??"]
[Round "?"]
[White "Nepustil, Frantisek"]
[Black "Binas, Jindrich"]
[Result "1-0"]
[WhiteElo "2000"]
[BlackElo "2220"]
[PlyCount "61"]
[EventDate "2003.??.??"]
[EventType "corr"]
[EventRounds "2"]
[SourceDate "2004.06.03"]

1. e4 c5 2. d4 cxd4 3. c3 dxc3 4. Nxc3 Nc6 5. Nf3 d6 6. Bc4 e6 7. O-O Nf6 8.
Qe2 a6 9. Rd1 Qc7 10. Bf4 Be7 11. Rac1 O-O 12. Bb3 Qb8 13. Rd3 b5 14. a4 Na5
15. Bc2 b4 16. e5 Nh5 17. Bg5 Bxg5 18. Nxg5 Nf4 19. Qe4 Ng6 20. Ne2 d5 21. Qg4
b3 22. Bb1 Qxe5 23. Rh3 f5 24. Qh5 h6 25. Qxg6 hxg5 26. Qh7+ Kf7 27. Re3 Qd6
28. Rg3 Bd7 29. Rxg5 Qe5 30. f4 Qxb2 31. Bxf5 1-0

[Event "0MCR_3DE_1L_3S"]
[Site "?"]
[Date "2003.??.??"]
[Round "?"]
[White "Nepustil, Frantisek"]
[Black "Hlavacek, Ladislav"]
[Result "1-0"]
[WhiteElo "2000"]
[BlackElo "2085"]
[PlyCount "63"]
[EventDate "2003.??.??"]
[EventType "corr"]
[EventRounds "2"]
[SourceDate "2004.06.03"]

1. e4 c5 2. d4 cxd4 3. c3 dxc3 4. Nxc3 Nc6 5. Nf3 Nf6 6. Bc4 e6 7. Qe2 Bb4 8.
O-O Bxc3 9. bxc3 d5 10. exd5 Nxd5 11. Ba3 Qa5 12. Qb2 Nb6 13. Bb3 Na4 14. Bxa4
Qxa4 15. Nd4 Nxd4 16. cxd4 f6 17. Rac1 Qa5 18. d5 e5 19. Rfe1 Kf7 20. Rxe5 fxe5
21. Qxe5 Bd7 22. Rc7 Qxc7 23. Qxc7 Rad8 24. Qf4+ Kg8 25. h4 h6 26. Qc7 Kf7 27.
Bb2 Rhe8 28. Qc3 Rg8 29. Qf3+ Kg6 30. h5+ Kh7 31. Qe4+ Kh8 32. Qg6 1-0

[Event "0MCR_3DE_1L_3S"]
[Site "?"]
[Date "2003.??.??"]
[Round "?"]
[White "Nepustil, Frantisek"]
[Black "Prchly, Milos"]
[Result "1-0"]
[WhiteElo "2000"]
[BlackElo "2270"]
[PlyCount "67"]
[EventDate "2003.??.??"]
[EventType "corr"]
[EventRounds "2"]
[SourceDate "2004.06.03"]

1. e4 e5 2. d4 exd4 3. c3 dxc3 4. Nxc3 Nc6 5. Nf3 Bb4 6. Bc4 Nf6 7. O-O Bxc3 8.
bxc3 d6 9. Bg5 O-O 10. Rb1 h6 11. Bh4 g5 12. Nxg5 hxg5 13. Bxg5 Ne5 14. Bb3 Qe7
15. Re1 Re8 16. f4 Ned7 17. Qf3 Qf8 18. e5 Nh7 19. Qh5 Nxg5 20. Qxg5+ Qg7 21.
e6 Rf8 22. Qh4 Nf6 23. Re3 Bxe6 24. Bxe6 fxe6 25. Rg3 b6 26. Rxg7+ Kxg7 27. f5
exf5 28. Qg5+ Kh8 29. Rf1 Rae8 30. Rxf5 Re1+ 31. Kf2 Ne4+ 32. Kxe1 Nxg5 33.
Rxf8+ Kg7 34. Rd8 1-0

[Event "0MCR_3DE_1L_3S"]
[Site "?"]
[Date "2003.??.??"]
[Round "?"]
[White "Nepustil, Frantisek"]
[Black "Schauer, Jiri"]
[Result "1-0"]
[WhiteElo "2000"]
[BlackElo "2140"]
[PlyCount "75"]
[EventDate "2003.??.??"]
[EventType "corr"]
[EventRounds "2"]
[SourceDate "2004.06.03"]

1. e4 e5 2. d4 exd4 3. c3 dxc3 4. Nxc3 Nc6 5. Nf3 Bb4 6. Bc4 d6 7. O-O Bxc3 8.
bxc3 Nf6 9. Bg5 O-O 10. Rb1 h6 11. Bh4 g5 12. Nxg5 hxg5 13. Bxg5 Ne5 14. Bb3
Ned7 15. Re1 Qe7 16. e5 dxe5 17. Qf3 Kg7 18. Qg3 Rh8 19. Bxf6+ Kxf6 20. Re3 Qf8
21. f4 Ke7 22. fxe5 Qg8 23. Qf4 Nf8 24. Qf6+ Ke8 25. Rf1 Be6 26. Rg3 Qh7 27.
Rh3 Qxh3 28. gxh3 Rh7 29. Qg5 Bxb3 30. axb3 c6 31. h4 Rc8 32. Rd1 a6 33. h5 c5
34. Rd6 a5 35. c4 Rh8 36. Qf6 Rxh5 37. e6 fxe6 38. Rxe6+ 1-0

[Event "0MCR_3DE_1L_3S"]
[Site "?"]
[Date "2003.??.??"]
[Round "?"]
[White "Nepustil, Frantisek"]
[Black "Schwarz, Jan"]
[Result "1/2-1/2"]
[WhiteElo "2000"]
[BlackElo "2230"]
[PlyCount "134"]
[EventDate "2003.??.??"]
[EventType "corr"]
[EventRounds "2"]
[SourceDate "2004.06.03"]

1. e4 c5 2. d4 cxd4 3. c3 dxc3 4. Nxc3 e6 5. Nf3 a6 6. Bc4 Nc6 7. O-O Nge7 8.
Bg5 b5 9. Bb3 Bb7 10. Re1 Na5 11. a4 b4 12. Nd5 exd5 13. exd5 d6 14. Ba2 h6 15.
Bd2 b3 16. Bxa5 Qxa5 17. Qxb3 Qc7 18. Rac1 Qd7 19. Nd4 Rc8 20. Rc6 h5 21. Rb6
Rc7 22. Bb1 g6 23. Qb4 Bg7 24. Rxd6 Qg4 25. Qb6 O-O 26. Qxc7 Bxd5 27. Be4 Be5
28. Qxe7 Bxe4 29. f3 Qf4 30. Rd8 Qxh2+ 31. Kf2 Qg3+ 32. Kf1 Bd3+ 33. Ne2 Bxe2+
34. Rxe2 Rxd8 35. Qxd8+ Kg7 36. Re4 Bf6 37. Qb6 h4 38. Rg4 Qh2 39. Qxa6 Qh1+
40. Ke2 Qc1 41. Qb5 Qc2+ 42. Ke3 Bxb2 43. Qc4 Bc3 44. Qe2 Qb3 45. Re4 f5 46.
Rc4 Qb6+ 47. Kd3 Bf6 48. Qc2 Qd6+ 49. Ke2 Qg3 50. Kd1 h3 51. Rc7+ Kh6 52. Qc1+
Bg5 53. Qc5 Bh4 54. gxh3 Qxf3+ 55. Kc2 Qg2+ 56. Kb3 Qxh3+ 57. Qc3 Qg4 58. a5
Qd1+ 59. Qc2 Qd5+ 60. Qc4 Qd1+ 61. Kb4 Qd6+ 62. Ka4 Bg3 63. Rc6 Qd1+ 64. Kb5
Qb1+ 65. Ka6 f4 66. Qc2 Qxc2 67. Rxc2 f3 1/2-1/2

[Event "0MCR_3DE_1L_3S"]
[Site "?"]
[Date "2003.??.??"]
[Round "?"]
[White "Nepustil, Frantisek"]
[Black "Stancl, Vladimir"]
[Result "1-0"]
[WhiteElo "2000"]
[BlackElo "2285"]
[PlyCount "69"]
[EventDate "2003.??.??"]
[EventType "corr"]
[EventRounds "2"]
[SourceDate "2004.06.03"]

1. e4 Nc6 2. d4 e5 3. dxe5 Nxe5 4. f4 Nc6 5. Bc4 Bb4+ 6. c3 Ba5 7. Be3 Qh4+ 8.
g3 Qe7 9. Nf3 Nf6 10. Nbd2 d5 11. Bb5 O-O 12. e5 Ng4 13. Bg1 Bb6 14. Qe2 Bxg1
15. Rxg1 Qc5 16. O-O-O Qb6 17. Rde1 Ne7 18. Bd3 Nf2 19. Bc2 Bf5 20. Bxf5 Nxf5
21. g4 Ne7 22. Rg3 Ng6 23. Qf1 Nxf4 24. Nd4 N2h3 25. Rxh3 Nxh3 26. Qxh3 Rfe8
27. Nf5 a5 28. Qh4 Kh8 29. Nf3 a4 30. Qg5 Qg6 31. Qf4 a3 32. b3 b5 33. h4 Qb6
34. h5 h6 35. g5 1-0

[Event "0MCR_3DE_1L_3S"]
[Site "?"]
[Date "2003.??.??"]
[Round "?"]
[White "Nepustil, Frantisek"]
[Black "Toman, Antonin"]
[Result "1/2-1/2"]
[WhiteElo "2000"]
[BlackElo "2205"]
[PlyCount "93"]
[EventDate "2003.??.??"]
[EventType "corr"]
[EventRounds "2"]
[SourceDate "2004.06.03"]

1. e4 c6 2. d4 d5 3. exd5 cxd5 4. c3 Nc6 5. Nf3 Bg4 6. Qb3 Bxf3 7. Qxb7 Qc8 8.
Qxc8+ Rxc8 9. gxf3 Nxd4 10. Kd1 Nc6 11. Be3 Kd7 12. Bb5 Rc7 13. c4 Nf6 14. Nc3
a6 15. Bxa6 d4 16. Nb5 dxe3 17. fxe3 e6 18. Ke2 Kd8 19. Nxc7 Kxc7 20. Bb5 Bd6
21. a3 Ra8 22. Bxc6 Kxc6 23. b4 g5 24. h3 Nd7 25. c5 Be5 26. Ra2 Nf6 27. e4 Nh5
28. Kd3 Rd8+ 29. Kc2 Rd4 30. Rb1 Nf4 31. a4 Nd3 32. b5+ Kxc5 33. a5 Bb8 34. a6
Kb6 35. Kc3 e5 36. a7 Bxa7 37. Ra6+ Kb7 38. Rf6 Nc5 39. b6 Na4+ 40. Kc2 Bxb6
41. Rb5 h6 42. Rxh6 Kc7 43. Rxe5 Rd7 44. Rf5 Be3 45. Rhf6 Rd2+ 46. Kb3 Nc5+ 47.
Kc4 1/2-1/2

[Event "0MCR_3DE_1L_3S"]
[Site "?"]
[Date "2003.??.??"]
[Round "?"]
[White "Prchly, Milos"]
[Black "Binas, Jindrich"]
[Result "1-0"]
[WhiteElo "2270"]
[BlackElo "2220"]
[PlyCount "59"]
[EventDate "2003.??.??"]
[EventType "corr"]
[EventRounds "2"]
[SourceDate "2004.06.03"]

1. d4 Nf6 2. c4 g6 3. Nc3 d5 4. cxd5 Nxd5 5. e4 Nxc3 6. bxc3 Bg7 7. Bc4 c5 8.
Ne2 Nc6 9. Be3 O-O 10. O-O Bg4 11. f3 Na5 12. Bd3 cxd4 13. cxd4 Be6 14. Rc1
Bxa2 15. Qa4 Bb3 16. Qb4 b6 17. Ba6 Qd6 18. Qb5 Rad8 19. Rc3 Be6 20. e5 Qd5 21.
Rc7 Qxb5 22. Bxb5 Ra8 23. Kf2 Rfc8 24. Rfc1 a6 25. Bd3 b5 26. Rxe7 Nc6 27. Rb7
Nb4 28. Be4 Nd5 29. Rxc8+ Rxc8 30. Ra7 1-0

[Event "0MCR_3DE_1L_3S"]
[Site "?"]
[Date "2003.??.??"]
[Round "?"]
[White "Prchly, Milos"]
[Black "Hlavacek, Ladislav"]
[Result "1-0"]
[WhiteElo "2270"]
[BlackElo "2085"]
[PlyCount "67"]
[EventDate "2003.??.??"]
[EventType "corr"]
[EventRounds "2"]
[SourceDate "2004.06.03"]

1. d4 Nf6 2. c4 e6 3. Nc3 d5 4. Bg5 Be7 5. e3 O-O 6. Nf3 Nc6 7. Rc1 a6 8. Bd3
dxc4 9. Bxc4 h6 10. Bxf6 Bxf6 11. O-O e5 12. d5 Ne7 13. Ne4 Bg4 14. h3 Bh5 15.
Nxf6+ gxf6 16. e4 Qd6 17. Qb3 b5 18. Be2 f5 19. exf5 e4 20. g4 exf3 21. Bxf3
Rae8 22. gxh5 Nxf5 23. Qd3 Qf4 24. Kh1 Nd4 25. Bg2 Re7 26. a4 Rfe8 27. axb5
axb5 28. Rcd1 Nf5 29. Qxb5 Re2 30. Rd3 Ng7 31. Rf3 Qd4 32. Qc6 Qb6 33. Qc3 Nxh5
34. Rg1 1-0

[Event "0MCR_3DE_1L_3S"]
[Site "?"]
[Date "2003.??.??"]
[Round "?"]
[White "Prchly, Milos"]
[Black "Nepustil, Frantisek"]
[Result "1/2-1/2"]
[WhiteElo "2270"]
[BlackElo "2000"]
[PlyCount "127"]
[EventDate "2003.??.??"]
[EventType "corr"]
[EventRounds "2"]
[SourceDate "2004.06.03"]

1. d4 Nf6 2. c4 c5 3. d5 e5 4. Nc3 d6 5. e4 g6 6. Nf3 Bg7 7. Be2 O-O 8. O-O Ne8
9. Rb1 f5 10. a3 f4 11. b4 Nd7 12. Bd2 b6 13. Qc2 Rf7 14. g3 h6 15. Kh1 g5 16.
Ne1 Qe7 17. Bh5 Rf8 18. Nd3 Ndf6 19. Be2 Bh3 20. Rfe1 fxg3 21. fxg3 Nc7 22. Bf1
Bd7 23. Bg2 Rab8 24. Rf1 Qe8 25. a4 cxb4 26. Nxb4 Ng4 27. Rxf8+ Bxf8 28. Rf1
Kg7 29. Bc1 Be7 30. h3 Nf6 31. Nb5 Nxb5 32. cxb5 Rc8 33. Nc6 Qh5 34. Qd2 Re8
35. Kh2 Bf8 36. a5 Ra8 37. a6 Bc8 38. Rh1 Bd7 39. Kg1 Qg6 40. Qe2 Kg8 41. Kh2
g4 42. h4 Kh7 43. Qf2 Nxe4 44. Qe3 Nc5 45. Ba3 Kg8 46. Rf1 Bf5 47. Bxc5 bxc5
48. Nxa7 Rxa7 49. Qf2 Be7 50. Qxf5 Qxf5 51. Rxf5 Bd8 52. Rf2 Kg7 53. h5 Bb6 54.
Rc2 Kf6 55. Be4 Rf7 56. Kg2 Rf8 57. Rc4 Kg5 58. Bc2 Kxh5 59. Bd1 Rg8 60. Kf2
Rg5 61. Ra4 Rg7 62. Kg2 Ba7 63. Be2 Bb6 64. Rc4 1/2-1/2

[Event "0MCR_3DE_1L_3S"]
[Site "?"]
[Date "2003.??.??"]
[Round "?"]
[White "Prchly, Milos"]
[Black "Schauer, Jiri"]
[Result "1/2-1/2"]
[WhiteElo "2270"]
[BlackElo "2140"]
[PlyCount "54"]
[EventDate "2003.??.??"]
[EventType "corr"]
[EventRounds "2"]
[SourceDate "2004.06.03"]

1. d4 d5 2. c4 dxc4 3. Nf3 Nf6 4. e3 e6 5. Bxc4 c5 6. O-O a6 7. Qe2 b5 8. Bd3
cxd4 9. exd4 Be7 10. a4 bxa4 11. Rxa4 O-O 12. Nc3 Bb7 13. Bg5 h6 14. Bxf6 Bxf6
15. Rd1 Qb6 16. Ne5 Rd8 17. Nc4 Qc7 18. Na5 Ra7 19. Nxb7 Rxb7 20. Be4 Rb3 21.
Bc2 Rb6 22. Ne4 Nd7 23. b4 Qb8 24. d5 Be7 25. dxe6 Rxe6 26. Rxa6 Rxa6 27. Qxa6
Bxb4 1/2-1/2

[Event "0MCR_3DE_1L_3S"]
[Site "?"]
[Date "2003.??.??"]
[Round "?"]
[White "Prchly, Milos"]
[Black "Schwarz, Jan"]
[Result "1/2-1/2"]
[WhiteElo "2270"]
[BlackElo "2230"]
[PlyCount "52"]
[EventDate "2003.??.??"]
[EventType "corr"]
[EventRounds "2"]
[SourceDate "2004.06.03"]

1. d4 Nf6 2. c4 e6 3. Nc3 Bb4 4. e3 c5 5. Bd3 Nc6 6. Nf3 Bxc3+ 7. bxc3 d6 8.
O-O O-O 9. e4 e5 10. d5 Ne7 11. Nh4 Ne8 12. Nf5 Nxf5 13. exf5 Rb8 14. f4 Nf6
15. fxe5 dxe5 16. Bg5 Qd6 17. Qe2 Re8 18. Qf2 Bd7 19. Bxf6 gxf6 20. Qf3 Kh8 21.
a4 a5 22. Be4 Rg8 23. Rfb1 Rg5 24. Rb2 b6 25. Qh3 Qf8 26. Rab1 Qd6 1/2-1/2

[Event "0MCR_3DE_1L_3S"]
[Site "?"]
[Date "2003.??.??"]
[Round "?"]
[White "Prchly, Milos"]
[Black "Stancl, Vladimir"]
[Result "1-0"]
[WhiteElo "2270"]
[BlackElo "2285"]
[PlyCount "77"]
[EventDate "2003.??.??"]
[EventType "corr"]
[EventRounds "2"]
[SourceDate "2004.06.03"]

1. d4 Nf6 2. c4 e6 3. Nc3 Bb4 4. e3 O-O 5. Bd3 d5 6. Nf3 c5 7. O-O Nc6 8. a3
Bxc3 9. bxc3 Qc7 10. cxd5 exd5 11. Nh4 Ng4 12. Nf3 Nf6 13. Nh4 Qa5 14. Bb2 c4
15. Bc2 Re8 16. Nf5 Qd8 17. Ng3 b5 18. Bc1 a5 19. f3 h5 20. e4 h4 21. Nh1 dxe4
22. fxe4 b4 23. axb4 Bg4 24. Qd2 axb4 25. Rxa8 Qxa8 26. Nf2 Qc8 27. cxb4 h3 28.
Bb2 hxg2 29. Rc1 Qd7 30. d5 Ne5 31. Bxe5 Rxe5 32. Qd4 Qd6 33. Qxc4 Re8 34. Ba4
Ra8 35. Bc6 Ra3 36. Bb5 Qf4 37. Nxg4 Nxg4 38. Qc8+ Kh7 39. Qf5+ 1-0

[Event "0MCR_3DE_1L_3S"]
[Site "?"]
[Date "2003.??.??"]
[Round "?"]
[White "Prchly, Milos"]
[Black "Toman, Antonin"]
[Result "1/2-1/2"]
[WhiteElo "2270"]
[BlackElo "2205"]
[PlyCount "134"]
[EventDate "2003.??.??"]
[EventType "corr"]
[EventRounds "2"]
[SourceDate "2004.06.03"]

1. d4 d5 2. c4 e6 3. Nc3 c6 4. Nf3 Nf6 5. e3 Nbd7 6. Bd3 dxc4 7. Bxc4 b5 8. Bd3
Bb7 9. e4 b4 10. Na4 Qa5 11. O-O c5 12. e5 Bxf3 13. Qxf3 Nd5 14. Bc2 cxd4 15.
Qe4 Rc8 16. Bb3 Ne7 17. f4 Nf5 18. Bd2 Be7 19. Rfc1 O-O 20. g4 Nh4 21. Be1 Qb5
22. Rxc8 Rxc8 23. Rd1 Ng6 24. Bg3 Nc5 25. Nxc5 Bxc5 26. f5 Nf8 27. Kg2 a5 28.
Rc1 a4 29. Bc4 Qb6 30. Bd3 Qd8 31. b3 axb3 32. axb3 g6 33. fxg6 hxg6 34. h4 Bb6
35. Rc4 Rxc4 36. Bxc4 Kg7 37. Qf3 Nd7 38. h5 Bc7 39. hxg6 Kxg6 40. Qe4+ Kg7 41.
Qxd4 Qa8+ 42. Kh2 Nf8 43. Qd2 Qe4 44. Bd3 Qxg4 45. Be2 Qf5 46. Qxb4 Ng6 47. Qg4
Qxg4 48. Bxg4 Bxe5 49. b4 f5 50. Bd1 Bxg3+ 51. Kxg3 Ne5 52. Ba4 Kf6 53. Bb5 Ng4
54. Kf4 e5+ 55. Kf3 e4+ 56. Kf4 Ne5 57. Ke3 Nf3 58. Be2 Ng5 59. b5 Ke5 60. b6
f4+ 61. Kd2 Kd6 62. Bb5 Ne6 63. Kc3 f3 64. Bc4 f2 65. b7 Kc7 66. Kd2 Nc5 67.
Ke3 Nxb7 1/2-1/2

[Event "0MCR_3DE_1L_3S"]
[Site "?"]
[Date "2003.??.??"]
[Round "?"]
[White "Schauer, Jiri"]
[Black "Binas, Jindrich"]
[Result "1/2-1/2"]
[WhiteElo "2140"]
[BlackElo "2220"]
[PlyCount "102"]
[EventDate "2003.??.??"]
[EventType "corr"]
[EventRounds "2"]
[SourceDate "2004.06.03"]

1. e4 c5 2. Nf3 d6 3. d4 cxd4 4. Nxd4 Nf6 5. Nc3 Nc6 6. f4 e5 7. Nf3 Be7 8. Bd3
O-O 9. O-O exf4 10. Kh1 Be6 11. Bxf4 d5 12. e5 Nd7 13. Bb5 a6 14. Be2 Nc5 15.
Nd4 Bg5 16. Qd2 Bxf4 17. Qxf4 Nd7 18. Bf3 Ndxe5 19. Nxc6 Nxc6 20. Nxd5 Bxd5 21.
Rad1 Ne7 22. c4 Ng6 23. Qe3 Bxf3 24. Rxd8 Bxg2+ 25. Kxg2 Raxd8 26. Qe4 Rd2+ 27.
Rf2 Rfd8 28. b4 R2d7 29. c5 Re7 30. Qc4 Ne5 31. Qe4 Nc6 32. Qb1 Rd4 33. a3 g6
34. Qb3 Rg4+ 35. Kf1 Rd4 36. Qa2 Red7 37. Re2 Rd8 38. Qb2 h5 39. Qc3 Rd1+ 40.
Kf2 R8d4 41. Re8+ Kh7 42. Ke2 Rh1 43. h3 Rhd1 44. Re4 Rd7 45. Qf6 R1d2+ 46. Ke1
Rd1+ 47. Ke2 R1d5 48. Re8 Nd4+ 49. Ke3 Nf5+ 50. Ke4 Rd4+ 51. Kf3 Rd3+ 1/2-1/2

[Event "0MCR_3DE_1L_3S"]
[Site "?"]
[Date "2003.??.??"]
[Round "?"]
[White "Schauer, Jiri"]
[Black "Hlavacek, Ladislav"]
[Result "1/2-1/2"]
[WhiteElo "2140"]
[BlackElo "2085"]
[PlyCount "103"]
[EventDate "2003.??.??"]
[EventType "corr"]
[EventRounds "2"]
[SourceDate "2004.06.03"]

1. e4 c5 2. Nf3 g6 3. d4 cxd4 4. Nxd4 Bg7 5. c4 Nc6 6. Be3 Nf6 7. Nc3 d6 8. f3
O-O 9. Qd2 Ne5 10. Rc1 Bd7 11. Nd5 Nxd5 12. cxd5 Rc8 13. Rxc8 Qxc8 14. b3 e6
15. h3 exd5 16. exd5 f5 17. Be2 g5 18. g3 f4 19. gxf4 gxf4 20. Bxf4 Rxf4 21.
Qxf4 Ng6 22. Qd2 Qc5 23. b4 Qxd4 24. Qxd4 Bxd4 25. h4 Bc3+ 26. Kf2 Bxb4 27. Kg3
Ne7 28. Rb1 a5 29. a3 Bf5 30. Rb3 Be1+ 31. Kh2 Bxh4 32. Rxb7 Kf7 33. Rb6 Bf6
34. Kh1 Be5 35. Ra6 Nxd5 36. Bc4 Be6 37. Rxa5 Ne7 38. Bxe6+ Kxe6 39. Ra6 Nf5
40. a4 h5 41. a5 Bd4 42. Ra8 Ke5 43. a6 d5 44. Kh2 Kf4 45. Rd8 Ne3 46. Rf8+ Nf5
47. Rd8 Ne3 48. Rf8+ Nf5 49. Rd8 Ne3 50. Rf8+ Nf5 51. Rd8 Ne3 52. Rf8+ 1/2-1/2

[Event "0MCR_3DE_1L_3S"]
[Site "?"]
[Date "2003.??.??"]
[Round "?"]
[White "Schauer, Jiri"]
[Black "Nepustil, Frantisek"]
[Result "1/2-1/2"]
[WhiteElo "2140"]
[BlackElo "2000"]
[PlyCount "83"]
[EventDate "2003.??.??"]
[EventType "corr"]
[EventRounds "2"]
[SourceDate "2004.06.03"]

1. e4 g6 2. d4 Bg7 3. c4 d6 4. Nc3 Nd7 5. Nf3 c5 6. d5 Bxc3+ 7. bxc3 Qa5 8. Qb3
Ngf6 9. Bd3 h6 10. O-O g5 11. Rb1 g4 12. Nd2 Ne5 13. Be2 h5 14. Qc2 Rg8 15. f4
gxf3 16. Nxf3 Qa6 17. Bf4 Ng6 18. Bg5 Nh7 19. Bc1 Nf6 20. Kh1 h4 21. Bg5 h3 22.
g3 Nd7 23. Be3 b6 24. Rbe1 Nde5 25. Nxe5 Nxe5 26. Bf4 Ng4 27. Bf3 Bd7 28. e5
dxe5 29. Bxe5 O-O-O 30. Qd3 Qxa2 31. Re2 Nxe5 32. Rxe5 Rg4 33. Be2 f5 34. Rexf5
Rg6 35. R5f2 Rf6 36. Rxf6 exf6 37. d6 Kb8 38. Rxf6 Qa1+ 39. Rf1 Qa2 40. Bf3 Bg4
41. Bc6 Qe2 42. Rf7 1/2-1/2

[Event "0MCR_3DE_1L_3S"]
[Site "?"]
[Date "2003.??.??"]
[Round "?"]
[White "Schauer, Jiri"]
[Black "Prchly, Milos"]
[Result "1/2-1/2"]
[WhiteElo "2140"]
[BlackElo "2270"]
[PlyCount "65"]
[EventDate "2003.??.??"]
[EventType "corr"]
[EventRounds "2"]
[SourceDate "2004.06.03"]

1. e4 e5 2. Nf3 Nf6 3. d4 Nxe4 4. Bd3 d5 5. Nxe5 Bd6 6. O-O O-O 7. c4 Bxe5 8.
dxe5 Nc6 9. cxd5 Qxd5 10. Qf3 Bf5 11. Qxf5 Qxd3 12. Nc3 Nc5 13. Qxd3 Nxd3 14.
f4 Rad8 15. b3 Rfe8 16. Ba3 a6 17. Rad1 Rd7 18. Bd6 Nb2 19. Rd2 cxd6 20. Rb1
Rdd8 21. exd6 Re3 22. Nd5 Re6 23. d7 Rxd7 24. Nf6+ gxf6 25. Rxd7 Re2 26. Rc1
Kg7 27. Kf1 Re3 28. g3 h5 29. Rxb7 Nd4 30. Rd7 Rf3+ 31. Kg2 Rd3 32. Rc8 Rd2+
33. Kf1 1/2-1/2

[Event "0MCR_3DE_1L_3S"]
[Site "?"]
[Date "2003.??.??"]
[Round "?"]
[White "Schauer, Jiri"]
[Black "Schwarz, Jan"]
[Result "1/2-1/2"]
[WhiteElo "2140"]
[BlackElo "2230"]
[PlyCount "112"]
[EventDate "2003.??.??"]
[EventType "corr"]
[EventRounds "2"]
[SourceDate "2004.06.03"]

1. e4 c5 2. Nf3 Nc6 3. d4 cxd4 4. Nxd4 Nf6 5. Nc3 e5 6. Ndb5 d6 7. Bg5 a6 8.
Na3 b5 9. Bxf6 gxf6 10. Nd5 f5 11. c3 Bg7 12. Bd3 Ne7 13. Nxe7 Qxe7 14. O-O Bb7
15. exf5 e4 16. Re1 d5 17. Nc2 Qg5 18. Bf1 Qxf5 19. a4 O-O 20. Nd4 Qf4 21. axb5
axb5 22. Rxa8 Rxa8 23. Bxb5 Ra2 24. g3 Qg5 25. Qb3 Qd2 26. Nc2 Ra8 27. Rb1 Qg5
28. Ne3 Rd8 29. Rd1 Bf8 30. Be8 Qe7 31. Bb5 Qg5 32. Ba4 Ba8 33. Qb6 Rd6 34. Qa5
Qd8 35. Qxd8 Rxd8 36. Bb3 Rb8 37. Bxd5 Bxd5 38. Rxd5 Rxb2 39. Rg5+ Kh8 40. Re5
Rb3 41. c4 Rc3 42. g4 Kg7 43. Kg2 Bd6 44. Nf5+ Kf6 45. Rxe4 Bc5 46. f3 h5 47.
h4 Rc2+ 48. Kg3 Kg6 49. Kh3 Rc1 50. Ng3 hxg4+ 51. fxg4 Bd6 52. h5+ Kg5 53. Nf5
Bf4 54. Nh6 Rc3+ 55. Kg2 f5 56. gxf5 Bc1 1/2-1/2

[Event "0MCR_3DE_1L_3S"]
[Site "?"]
[Date "2003.??.??"]
[Round "?"]
[White "Schauer, Jiri"]
[Black "Stancl, Vladimir"]
[Result "1-0"]
[WhiteElo "2140"]
[BlackElo "2285"]
[PlyCount "107"]
[EventDate "2003.??.??"]
[EventType "corr"]
[EventRounds "2"]
[SourceDate "2004.06.03"]

1. e4 Nc6 2. Nf3 d6 3. d4 g6 4. Nc3 Bg7 5. Bc4 Nf6 6. Bb3 O-O 7. h3 Na5 8. Bg5
Nxb3 9. axb3 d5 10. exd5 Nxd5 11. Nxd5 Qxd5 12. O-O Re8 13. Re1 c5 14. c4 Qd6
15. dxc5 Qxc5 16. Be3 Qc7 17. Bxa7 Bf5 18. Be3 Bxb2 19. Rxa8 Rxa8 20. Qd2 Bf6
21. Bd4 Rd8 22. Qe3 Qd6 23. Bxf6 exf6 24. c5 Qe6 25. Kh2 Qxe3 26. Rxe3 Be6 27.
b4 Kf8 28. Re4 Bd5 29. Rd4 Ke7 30. Rd3 Bxf3 31. Re3+ Kf8 32. Rxf3 Rd4 33. b5
Rc4 34. Rxf6 Rxc5 35. Rb6 Rc7 36. g4 h6 37. f4 Kg7 38. g5 hxg5 39. fxg5 Rc2+
40. Kg3 Rc3+ 41. Kf4 Rxh3 42. Rxb7 Rh4+ 43. Ke5 Rg4 44. Kd6 Rxg5 45. b6 Rb5 46.
Kc6 Rb1 47. Ra7 Rc1+ 48. Kb7 Rb1 49. Kc7 g5 50. Ra5 Kg6 51. b7 f6 52. Kc6 Rxb7
53. Kxb7 Kh5 54. Kc6 1-0

[Event "0MCR_3DE_1L_3S"]
[Site "?"]
[Date "2003.??.??"]
[Round "?"]
[White "Schauer, Jiri"]
[Black "Toman, Antonin"]
[Result "1/2-1/2"]
[WhiteElo "2140"]
[BlackElo "2205"]
[PlyCount "84"]
[EventDate "2003.??.??"]
[EventType "corr"]
[EventRounds "2"]
[SourceDate "2004.06.03"]

1. e4 d5 2. exd5 Nf6 3. d4 Nxd5 4. c4 Nb6 5. Nf3 Bg4 6. c5 N6d7 7. Bc4 e6 8.
Be3 Be7 9. Nc3 O-O 10. O-O c6 11. h3 Bxf3 12. Qxf3 Nf6 13. a3 Nbd7 14. b4 Nd5
15. Nxd5 exd5 16. Bd3 Re8 17. b5 Nf8 18. a4 Bf6 19. a5 Ne6 20. Ra4 Rb8 21. Rb1
Bg5 22. Rab4 Bxe3 23. fxe3 Qc7 24. h4 g6 25. h5 f5 26. hxg6 hxg6 27. Bc2 Kg7
28. Ba4 Rh8 29. bxc6 Qh2+ 30. Kf1 bxc6 31. Rxb8 Rxb8 32. Rxb8 Qxb8 33. Kg1 Qc7
34. Qf2 Qb7 35. Qe1 a6 36. Qf2 Nd8 37. Qg3 Nf7 38. Kh2 Kf6 39. Bd1 Qb4 40. Qc7
Qe1 41. Qxc6+ Kg7 42. Bf3 Qh4+ 1/2-1/2

[Event "0MCR_3DE_1L_3S"]
[Site "?"]
[Date "2003.??.??"]
[Round "?"]
[White "Schwarz, Jan"]
[Black "Binas, Jindrich"]
[Result "1-0"]
[WhiteElo "2230"]
[BlackElo "2220"]
[PlyCount "45"]
[EventDate "2003.??.??"]
[EventType "corr"]
[EventRounds "2"]
[SourceDate "2004.06.03"]

1. e4 c5 2. Nf3 d6 3. d4 cxd4 4. Nxd4 Nf6 5. Nc3 Nc6 6. f3 e5 7. Nb3 Be7 8. Be3
Be6 9. Nd5 Bxd5 10. exd5 Nb4 11. c4 O-O 12. Qd2 Na6 13. Bd3 b6 14. O-O Nd7 15.
Rac1 f5 16. f4 e4 17. Be2 Bf6 18. Nd4 Bxd4 19. Bxd4 Nf6 20. Rfe1 Qd7 21. b4 Nc7
22. a4 Rae8 23. a5 1-0

[Event "0MCR_3DE_1L_3S"]
[Site "?"]
[Date "2003.??.??"]
[Round "?"]
[White "Schwarz, Jan"]
[Black "Hlavacek, Ladislav"]
[Result "1-0"]
[WhiteElo "2230"]
[BlackElo "2085"]
[PlyCount "83"]
[EventDate "2003.??.??"]
[EventType "corr"]
[EventRounds "2"]
[SourceDate "2004.06.03"]

1. e4 e5 2. Nf3 Nc6 3. d4 exd4 4. Nxd4 Bc5 5. Nxc6 Qf6 6. Qd2 dxc6 7. Nc3 Be6
8. Na4 Rd8 9. Bd3 Bd6 10. Qe3 b6 11. Bd2 Nh6 12. Bc3 Be5 13. h3 c5 14. Bxe5
Qxe5 15. O-O-O O-O 16. g4 f6 17. Nc3 Qd4 18. Qg3 c4 19. Be2 Qc5 20. f4 Nf7 21.
h4 Nd6 22. f5 Bc8 23. g5 Qe5 24. Qxe5 fxe5 25. Rd2 Bb7 26. Rhd1 Rc8 27. Bf3
Rce8 28. Bg2 a6 29. Nd5 Bxd5 30. Rxd5 Kf7 31. Bf3 g6 32. Be2 c3 33. f6 Rh8 34.
bxc3 a5 35. c4 Nxe4 36. Rd7+ Kf8 37. Rxc7 Nc5 38. Bg4 h5 39. Bd7 Rh7 40. Bxe8
Rxc7 41. Rd8 Nb7 42. Rb8 1-0

[Event "0MCR_3DE_1L_3S"]
[Site "?"]
[Date "2003.??.??"]
[Round "?"]
[White "Schwarz, Jan"]
[Black "Nepustil, Frantisek"]
[Result "1/2-1/2"]
[WhiteElo "2230"]
[BlackElo "2000"]
[PlyCount "83"]
[EventDate "2003.??.??"]
[EventType "corr"]
[EventRounds "2"]
[SourceDate "2004.06.03"]

1. e4 d5 2. exd5 Nf6 3. d4 Nxd5 4. c4 Nb6 5. Nf3 c5 6. Nc3 cxd4 7. Qxd4 N6d7 8.
Be2 Nc6 9. Qh4 e6 10. Qg3 Qf6 11. O-O Bb4 12. Bd2 Qg6 13. Qxg6 hxg6 14. Rad1
O-O 15. Nb5 Bxd2 16. Rxd2 Nc5 17. Nd6 Rd8 18. Rfd1 f6 19. Nh4 g5 20. Ng6 Kh7
21. b4 Na4 22. b5 Kxg6 23. bxc6 bxc6 24. Bf3 Nc5 25. Bxc6 Rb8 26. h3 Rb6 27.
Nb5 Rxd2 28. Be8+ Kh6 29. Rxd2 Ba6 30. f3 Rb8 31. Bc6 Rc8 32. Rd6 Bxb5 33. cxb5
Kg6 34. a4 Kf7 35. a5 Ke7 36. Rd2 Rc7 37. Ra2 Nb7 38. a6 Nc5 39. Kf2 Nd3+ 40.
Kg3 Ne5 41. Bb7 Nd7 42. Rd2 1/2-1/2